000 00806nam a2200229 a 4500
001 000039188
005 20240412074300.0
008 130607s2012 pr 000 j spa d
020 _a9780982071502
040 _aDO-SdBNP
_bspa
_cBNPHU
082 _aRD863.44
_bG216s, 2012
100 1 _aGarcía Cuevas, Eugenio
_910813
245 1 0 _aSujetos y predicados :
_bel hijo de la mujer y diez cuentos más /
_cEugenio García Cuevas.
250 _a2a. ed.
260 _aPuerto Rico :
_bEdiciones Artrópodos
_bÚltimo Arcano,
_c2012.
300 _a106 p. ;
_c22 cm.
500 _aIncluye datos biográficos del autor en las solapas de la cubierta
590 _aInventariado, 2020/BT
650 0 _aCuentos dominicanos
_9176
650 0 _aLiteratura dominicana.
_967
910 _aValidado. Control de calidad MFF
999 _c38678
_d38678